| 000 | 00628nam a2200217Ia 4500 | ||
|---|---|---|---|
| 008 | 191130s1986##################000#0#eng## | ||
| 020 | _a9780691024011 | ||
| 022 | _a86042860 | ||
| 040 |
_aACL _cACL |
||
| 082 | _a534 MOR | ||
| 100 | _aMorse, Philip M | ||
| 245 |
_aTheoretical acoustics _cPhilip M. Morse, K. Uno Ingard |
||
| 260 |
_aPrinceton _bPrinceton University Press _cc1986 |
||
| 300 | _axix, 927 p. : ill. ; 24 cm | ||
| 500 | _aIncludes bibliographical references and index | ||
| 650 | _aSound | ||
| 700 | _aIngard, K. Uno | ||
| 990 | _a01c8e42bac10000c2e9420f973178a6f | ||
| 991 | _a261472 | ||
| 999 |
_c77108 _d77108 |
||